Valuing the timeshare property

Αποθηκεύτηκε σε:
Λεπτομέρειες βιβλιογραφικής εγγραφής
Κύριος συγγραφέας: Conroy, Kathleen
Μορφή: Βιβλίο
Γλώσσα:English
Δημοσίευση: Chicago, Illinois : American Istitute of Real Estate Appraisers, c1981
Θέματα:
Ετικέτες: Προσθήκη ετικέτας
Δεν υπάρχουν, Καταχωρήστε ετικέτα πρώτοι!

MARC

LEADER 00000nam a2200000 i 4500
001 1/31380
008 970710s1981 eng d
020 |a 0-911780-50-5 
035 |l 10023569 
040 |a GR-MY-UA  |b gre  |e aacr 
041 0 |a eng 
082 0 |a 333.3234 
100 1 |a Conroy, Kathleen. 
245 1 0 |a Valuing the timeshare property /  |c Kathleen Conroy 
260 |a Chicago, Illinois :   |b American Istitute of Real Estate Appraisers,   |c c1981 
300 |a 97 p. 
650 0 0 |a Real property  |x Valuation  |x United States. 
650 0 0 |a Timesharing (Real estate)  |z United States. 
852 |a INST  |b CHIOS  |e 19970710  |h 333.3234 CON  |p 005200010537  |q 005200010537  |t BK  |y 0 
909 |a Χ  |b 050110